00273nam a2200109Ia 4500008004100000082001600041100002100057245002600078260002700104300000800131650002400139191201s2017 xx 000 0 und d a616.002 HAT aHossain, A.S.T.M 0aText book of Medicine bAITBSaNew Delhic2017 a717 aMedicinal Chemistry